书目信息 |
| 题名: |
微机原理与接口技术
|
|
| 作者: | 张令通 , 晏永红 主编 | |
| 分册: | ||
| 出版信息: | 武汉 华中科技大学出版社 2014.1 |
|
| 页数: | 272页 | |
| 开本: | 26cm | |
| 丛书名: | 普通高等院校电子信息类“十二五”规划教材 | |
| 单 册: | ||
| 中图分类: | TP36 | |
| 科图分类: | ||
| 主题词: | 微型计算机--wei xing ji suan ji--高等教育--教材 , 微型计算机--wei xing ji suan ji--接口技术--高等教育--教材 | |
| 电子资源: | ||
| ISBN: | 978-7-5609-9564-9 | |
| 000 | 01348nam 2200301 450 | |
| 001 | 0100004769 | |
| 005 | 20140514142852.1 | |
| 010 | @a978-7-5609-9564-9@dCNY35.00 | |
| 100 | @a20140212d2014 em y0chiy0121 ea | |
| 101 | 0 | @achi |
| 102 | @aCN@b420000 | |
| 105 | @aak a 000yy | |
| 106 | @ar | |
| 200 | 1 | @a微机原理与接口技术@Awei ji yuan li yu jie kou ji shu@f张令通, 晏永红主编 |
| 210 | @a武汉@c华中科技大学出版社@d2014.1 | |
| 215 | @a272页@c图@d26cm | |
| 225 | 2 | @a普通高等院校电子信息类“十二五”规划教材@Apu tong gao deng yuan xiao dian zi xin xi lei “shi er wu ”gui hua jiao cai |
| 320 | @a有书目 | |
| 330 | @a本教材全面、系统地介绍了微型计算机的基本工作原理、特点、系统组成及接口技术, 结合典型机型和通用可编程接口芯片, 说明工作原理及其基本应用。主要内容包括: 微型计算机基础知识、微处理器的编程结构、8086的寻址方式和指令系统、汇编语言、存储器及其接口、中断系统、串并行通信及其接口电路、总线技术和高性能微处理器等。 | |
| 333 | @a高等院校相关专业师生 | |
| 410 | 0 | @12001 @a普通高等院校电子信息类“十二五”规划教材 |
| 606 | 0 | @a微型计算机@Awei xing ji suan ji@x高等教育@j教材 |
| 606 | 0 | @a微型计算机@Awei xing ji suan ji@x接口技术@x高等教育@j教材 |
| 690 | @aTP36@v5 | |
| 701 | 0 | @a张令通@Azhang ling tong@4主编 |
| 701 | 0 | @a晏永红@Ayan yong hong@4主编 |
| 801 | 0 | @aCN@c20160515 |
| 905 | @a河南城建学院图书馆@dTP36@eZ136 | |
| 微机原理与接口技术/张令通, 晏永红主编.-武汉:华中科技大学出版社,2014.1 |
| 272页:图;26cm.-(普通高等院校电子信息类“十二五”规划教材) |
| 使用对象:高等院校相关专业师生 |
| ISBN 978-7-5609-9564-9:CNY35.00 |
| 本教材全面、系统地介绍了微型计算机的基本工作原理、特点、系统组成及接口技术, 结合典型机型和通用可编程接口芯片, 说明工作原理及其基本应用。主要内容包括: 微型计算机基础知识、微处理器的编程结构、8086的寻址方式和指令系统、汇编语言、存储器及其接口、中断系统、串并行通信及其接口电路、总线技术和高性能微处理器等。 |
| ● |
| 相关链接 |
|
|
|
正题名:微机原理与接口技术
索取号:TP36/Z136
 
预约/预借
| 序号 | 登录号 | 条形码 | 馆藏地/架位号 | 状态 | 备注 |
| 1 | 1253735 | 212537352 | 自科库301/404自科库 18排1列2层/ [索取号:TP36/Z136] | 在馆 | |
| 2 | 1253736 | 212537361 | 自科库301/301自科库 62排1列2层/ [索取号:TP36/Z136] | 在馆 | |
| 3 | 1253737 | 212537370 | 自科库301/301自科库 62排1列2层/ [索取号:TP36/Z136] | 在馆 |